Kingdom Rush Enemies - Statistics

General Stats
  • This quiz has been taken 8 times
  • The average score is 39 of 68
Answer Stats
Debut Level Answer % Correct
Twin Rivers Bandit
100%
The Wastes Demon Lord
100%
The Wastes Demon Spawn
100%
The Citadel Gargoyle
100%
Southport Goblin
100%
Forsaken Valley Necromancer
100%
Pagras Ogre
100%
Pagras Shaman
100%
Forsaken Valley Skeleton
100%
Coldstep Mines Troll
100%
Silveroak Forest Worg
100%
Twin Rivers Brigand
80%
The Citadel Dark Knight
80%
The Wastes Demon Hound
80%
Silveroak Forest Giant Spider
80%
Stormcloud Temple J.T.
80%
Southport Orc
80%
The Citadel Shadow Archer
80%
Forsaken Valley Skeleton Knight
80%
Silveroak Forest Spider Matriarch
80%
The Citadel The Juggernaut
80%
The Dark Tower Vez'nan
80%
The Farmlands Wulf
80%
Rotwick Zombie
80%
Stormcloud Temple Dark Slayer
60%
Forsaken Valley Demon Imp
60%
Pit of Fire Demon Legion
60%
Ruins of Acaroth Forest Troll
60%
Ruins of Acaroth Goblin Sapper
60%
Rotten Forest Husk
60%
Forsaken Valley Magma Elemental
60%
Hushwood Pillager
60%
Hushwood Raider
60%
Stormcloud Temple Rocket Rider
60%
Sarelgaz's Lair Sarelgaz
60%
Sarelgaz's Lair Son of Sarelgaz
60%
Rotten Forest Swamp Thing
60%
Glacial Heights Troll Breaker
60%
Coldstep Mines Troll Champion
60%
Coldstep Mines Winter Wolf
60%
Ruins of Acaroth Worg Rider
60%
Ancient Necropolis Abomination
40%
Pit of Fire Cerberus
40%
Pit of Fire Flareon
40%
Rotwick Giant Rat
40%
The Citadel Golem Head
40%
Rotten Forest Greenmuck
40%
Ruins of Acaroth Gul-Thak
40%
Silveroak Forest Marauder
40%
Rotten Forest Noxious Creeper
40%
Ruins of Acaroth Orc Champion
40%
Fungal Forest Rotshroom
40%
Rotten Forest Tainted Treant
40%
Coldstep Mines Troll Chieftain
40%
Glacial Heights Troll Pathfinder
40%
Stormcloud Temple Yeti
40%
Nightfang Swale Black Hag
20%
Ancient Necropolis Fallen Knight
20%
Pit of Fire Gulaemon
20%
Fungal Forest Myconid
20%
Ancient Necropolis Spectral Knight
20%
Bandit's Lair The Kingpin
20%
Ha'Kraj Plateau Ulguk-Hai
20%
Castle Blackburn Lord Blackburn
0%
Nightfang Swale Lycan
0%
Pandaemonium Moloch
0%
Rotwick Wererat
0%
Nightfang Swale Werewolf
0%
No matching quizzes found
Score Distribution
Percent of People with Each Score
Percentile by Number Answered
Your Score History
You have not taken this quiz